[Event "Bratislava exe op"]
[Site "Bratislava"]
[Date "2023.09.15"]
[Round "1"]
[White "Elias, David"]
[Black "Jarabek, Milan"]
[Result "1-0"]
[WhiteElo "2256"]
[BlackElo "1697"]
[PlyCount "69"]
[EventDate "2023.09.15"]
[EventType "swiss"]
[EventRounds "9"]
[EventCountry "SVK"]
[SourceTitle "EXT 2024"]
[Source "ChessBase"]
[SourceDate "2023.10.10"]
[SourceVersion "1"]
[SourceVersionDate "2023.10.10"]
[SourceQuality "1"]

1. c4 c6 2. Nf3 d5 3. g3 e6 4. Bg2 Nf6 5. 0-0 Bd6 6. d4 a6 7. Qd3 Ne4 8. Nfd2 f5 9. f3 Nxd2 10. Nxd2 f4 11. gxf4 Bxf4 12. Nb3 0-0 13. Bxf4 Rxf4 14. e3 Rh4 15. f4 Nd7 16. Nd2 Nf6 17. Nf3 Rh6 18. Ne5 Bd7 19. Qb3 Rb8 20. cxd5 exd5 21. e4 Be6 22. f5 Bf7 23. Nxf7 Kxf7 24. e5 Ng8 25. Qg3 Rc8 26. Rac1 Qh4 27. Qxh4 Rxh4 28. Bxd5+ Kf8 29. Bxg8 Kxg8 30. d5 Re8 31. dxc6 bxc6 32. e6 Rg4+ 33. Kh1 g6 34. f6 Rxe6 35. f7+ 1-0

[Event "Skalica op-B"]
[Site "Skalica"]
[Date "2023.08.21"]
[Round "3"]
[White "Jarabek, Milan"]
[Black "Skalicky, Jindrich"]
[Result "1-0"]
[WhiteElo "1705"]
[BlackElo "1129"]
[PlyCount "139"]
[EventDate "2023.08.19"]
[EventType "swiss"]
[EventRounds "9"]
[EventCountry "SVK"]
[SourceTitle "CBM 215 Extra"]
[Source "ChessBase"]
[SourceDate "2023.09.30"]
[SourceVersion "1"]
[SourceVersionDate "2023.09.30"]
[SourceQuality "1"]

1. Nh3 e5 2. g3 Nf6 3. f4 exf4 4. Nxf4 Bc5 5. Bg2 0-0 6. e3 Nc6 7. 0-0 a6 8. b3 Ba7 9. Bb2 d6 10. h3 Ne5 11. Nh5 Ne8 12. d4 Ng6 13. Qf3 Rb8 14. Nd2 b6 15. e4 Bb7 16. Qg4 Bc6 17. Rae1 Bd7 18. Qe2 a5 19. Kh2 Qc8 20. a4 Bc6 21. c4 Bb7 22. Rf2 Qd8 23. Ref1 Qe7 24. Nf4 Nxf4 25. Rxf4 Bc8 26. d5 Bb7 27. Bd4 Ba6 28. Qh5 f6 29. Nf3 Qf7 30. Qxf7+ Rxf7 31. Ng5 Rf8 32. Ne6 Rf7 33. h4 Bc8 34. Bh3 Bd7 35. Bc3 Bc8 36. Nd4 Bxh3 37. Kxh3 Rb7 38. Nc6 Rd7 39. g4 h6 40. g5 hxg5 41. hxg5 b5 42. cxb5 Be3 43. Rg4 Bxg5 44. Nxa5 Rb8 45. Nc6 Rb7 46. Ra1 Kf7 47. Nd4 Rb8 48. a5 Be3 49. a6 Bxd4 50. Bxd4 Rxb5 51. a7 Rd8 52. a8Q Rxb3+ 53. Rg3 Rxg3+ 54. Kxg3 Rxa8 55. Rxa8 g6 56. Ra7 f5 57. exf5 gxf5 58. Kf4 Kg6 59. Ra8 Nf6 60. Bxf6 Kxf6 61. Rc8 Ke7 62. Kxf5 Kd7 63. Rh8 c6 64. dxc6+ Kxc6 65. Ke6 Kc7 66. Kd5 Kd7 67. Rh7+ Ke8 68. Kxd6 Kf8 69. Ra7 Ke8 70. Rb7 1-0

[Event "Skalica op-B"]
[Site "Skalica"]
[Date "2023.08.20"]
[Round "2"]
[White "Valkovic, Roman"]
[Black "Jarabek, Milan"]
[Result "1/2-1/2"]
[WhiteElo "1320"]
[BlackElo "1705"]
[PlyCount "94"]
[EventDate "2023.08.19"]
[EventType "swiss"]
[EventRounds "9"]
[EventCountry "SVK"]
[SourceTitle "CBM 215 Extra"]
[Source "ChessBase"]
[SourceDate "2023.09.30"]
[SourceVersion "1"]
[SourceVersionDate "2023.09.30"]
[SourceQuality "1"]

1. d4 Nf6 2. c4 g6 3. h4 d5 4. cxd5 Nxd5 5. h5 Bg7 6. e4 Nb6 7. e5 Be6 8. Nf3 Nc6 9. hxg6 hxg6 10. Rxh8+ Bxh8 11. Bb5 Qd7 12. Nc3 0-0-0 13. Be3 a6 14. Bxc6 Qxc6 15. Rc1 Qd7 16. Ne4 Kb8 17. Nc5 Qd5 18. Nxe6 Qxe6 19. Qc2 Nd5 20. Ng5 Qg4 21. Nxf7 Rf8 22. e6 Qxe6 23. Ng5 Qf6 24. Nh7 Qf7 25. Nxf8 Qxf8 26. Qc4 c6 27. a4 e6 28. Qc5 Qxc5 29. Rxc5 Bf6 30. Ke2 Kc7 31. Kd3 Kb6 32. a5+ Kc7 33. g3 Be7 34. Rc1 Bb4 35. Bf4+ Kd7 36. Rh1 Bxa5 37. Rh7+ Ne7 38. Bg5 Bb4 39. Kc4 a5 40. f4 b5+ 41. Kd3 a4 42. Bxe7 Bxe7 43. Rg7 b4 44. Kc4 a3 45. bxa3 bxa3 46. Kb3 g5 47. fxg5 Ke8 1/2-1/2

[Event "Modra op"]
[Site "Modra"]
[Date "2023.02.22"]
[Round "6"]
[White "Jarabek, Milan"]
[Black "Melih, Mario"]
[Result "0-1"]
[WhiteElo "1738"]
[BlackElo "1766"]
[PlyCount "36"]
[EventDate "2023.02.20"]
[EventType "swiss"]
[EventRounds "7"]
[EventCountry "SVK"]
[SourceTitle "EXT 2024"]
[Source "ChessBase"]
[SourceDate "2023.10.10"]
[SourceVersion "1"]
[SourceVersionDate "2023.10.10"]
[SourceQuality "1"]

1. e4 e5 2. d4 exd4 3. c3 dxc3 4. Bc4 cxb2 5. Bxb2 Bb4+ 6. Kf1 Nf6 7. Qb3 Qe7 8. Nc3 Nc6 9. a3 Ba5 10. Nf3 d6 11. Nd5 Qd8 12. Nxf6+ gxf6 13. Bxf7+ Kf8 14. Bc1 h5 15. Nh4 Ne5 16. Bg6 f5 17. f4 Qxh4 18. g3 Qh3+ 0-1

[Event "SVK-chT2A 2223"]
[Site "Slovakia"]
[Date "2023.02.11"]
[Round "8.8"]
[White "Jarabek, Milan"]
[Black "Pongo, Aron"]
[Result "1/2-1/2"]
[WhiteElo "1760"]
[BlackElo "1786"]
[PlyCount "73"]
[EventDate "2022.10.08"]
[EventType "team-tourn"]
[EventRounds "11"]
[EventCountry "SVK"]
[SourceTitle "EXT 2024"]
[Source "ChessBase"]
[SourceDate "2023.10.10"]
[SourceVersion "1"]
[SourceVersionDate "2023.10.10"]
[SourceQuality "1"]
[WhiteTeam "Osuske II"]
[BlackTeam "Bratislava Doprastav II"]
[WhiteTeamCountry "SVK"]
[BlackTeamCountry "SVK"]

1. e4 e6 2. d4 d5 3. exd5 exd5 4. Bd3 Nf6 5. Bg5 Be7 6. Nf3 0-0 7. 0-0 Bg4 8. Nbd2 c6 9. c3 Nbd7 10. Qc2 h6 11. Bh4 Qc7 12. Bg3 Bd6 13. Bxd6 Qxd6 14. Rfe1 Rfe8 15. b3 c5 16. dxc5 Nxc5 17. Nd4 Nxd3 18. Qxd3 Bh5 19. Nf5 Qd7 20. Ne3 Bg6 21. Qd4 a5 22. a4 Ra6 23. Nf3 Rae6 24. h3 Bh5 25. Nd2 Rd6 26. f3 Rde6 27. Nc2 Bg6 28. Ne3 Qe7 29. Ndf1 Qc7 30. Red1 Re5 31. b4 Bf5 32. Nxf5 Rxf5 33. Re1 Rfe5 34. Rxe5 Rxe5 35. Ne3 axb4 36. cxb4 Qe7 37. Kf2 1/2-1/2

[Event "SVK-ch Amateurs"]
[Site "Radava"]
[Date "2022.11.16"]
[Round "5"]
[White "Jarabek, Milan"]
[Black "Stefanides, Karol"]
[Result "1-0"]
[WhiteElo "1760"]
[BlackElo "1401"]
[PlyCount "71"]
[EventDate "2022.11.14"]
[EventType "swiss"]
[EventRounds "8"]
[EventCountry "SVK"]
[SourceTitle "CBM 211 Extra"]
[Source "ChessBase"]
[SourceDate "2023.01.31"]
[SourceVersion "1"]
[SourceVersionDate "2023.01.31"]
[SourceQuality "1"]

1. e4 c5 2. Nf3 a6 3. Nc3 d6 4. d4 cxd4 5. Nxd4 Nf6 6. Bc4 g6 7. Bb3 Bg7 8. f3 Bd7 9. Be3 Nc6 10. Qd2 Nxd4 11. Bxd4 Bc6 12. Nd5 e5 13. Bb6 Qc8 14. Nc7+ Ke7 15. 0-0-0 Qd7 16. Nxa8 Rxa8 17. Kb1 Ne8 18. g4 f6 19. h4 Rc8 20. g5 f5 21. Bd5 f4 22. h5 Bxd5 23. Qxd5 Qc6 24. Qxc6 Rxc6 25. Ba5 b6 26. Bc3 b5 27. hxg6 hxg6 28. Ba5 Ke6 29. Rd5 Nc7 30. Bxc7 Rxc7 31. c3 Rc6 32. Kc2 b4 33. Kb3 bxc3 34. bxc3 Rb6+ 35. Kc2 Ke7 36. Rb1 1-0

[Event "SVK-ch Amateurs"]
[Site "Radava"]
[Date "2022.11.15"]
[Round "4"]
[White "Visvader, Kristof"]
[Black "Jarabek, Milan"]
[Result "1/2-1/2"]
[WhiteElo "1504"]
[BlackElo "1760"]
[PlyCount "115"]
[EventDate "2022.11.14"]
[EventType "swiss"]
[EventRounds "8"]
[EventCountry "SVK"]
[SourceTitle "CBM 211 Extra"]
[Source "ChessBase"]
[SourceDate "2023.01.31"]
[SourceVersion "1"]
[SourceVersionDate "2023.01.31"]
[SourceQuality "1"]

1. e4 c5 2. Nf3 d6 3. d4 cxd4 4. Nxd4 Nf6 5. Nc3 a6 6. Be3 Ng4 7. Bc1 Nf6 8. Be3 e5 9. Nf3 Be7 10. h3 h6 11. Bc4 0-0 12. Qd2 b5 13. Bd5 Nxd5 14. Nxd5 Be6 15. Rd1 Bxd5 16. Qxd5 Nd7 17. 0-0 Nf6 18. Qd3 Qc7 19. Ne1 Rfd8 20. c3 d5 21. exd5 Rxd5 22. Qe2 Rxd1 23. Qxd1 Rd8 24. Qe2 Nd5 25. Bc1 f6 26. Nf3 Nb6 27. Rd1 Kf7 28. Kf1 Rxd1+ 29. Qxd1 Qc4+ 30. Qe2 Qxa2 31. Qc2 Qc4+ 32. Ke1 b4 33. Nd2 Qc6 34. f3 bxc3 35. Qxc3 Qxc3 36. bxc3 Ke6 37. Ke2 Kd5 38. Kd3 f5 39. Bb2 Bf6 40. g4 g6 41. Ba1 Bg5 42. c4+ Kc5 43. Nb3+ Kb4 44. c5 Nd5 45. Kc2 Be3 46. c6 Kb5 47. c7 Nxc7 48. Bxe5 Ne6 49. Kd3 Bf4 50. Nd4+ Nxd4 51. Bxf4 Nxf3 52. gxf5 gxf5 53. Bxh6 Nh4 54. Bg5 Ng6 55. h4 Kc5 56. h5 Nh8 57. h6 Kd5 58. Bf6 1/2-1/2

[Event "SVK-ch Amateurs"]
[Site "Radava"]
[Date "2022.11.14"]
[Round "1"]
[White "Jarabek, Milan"]
[Black "Cajka, Tibor"]
[Result "0-1"]
[WhiteElo "1760"]
[BlackElo "2101"]
[PlyCount "54"]
[EventDate "2022.11.14"]
[EventType "swiss"]
[EventRounds "8"]
[EventCountry "SVK"]
[SourceTitle "CBM 211 Extra"]
[Source "ChessBase"]
[SourceDate "2023.01.31"]
[SourceVersion "1"]
[SourceVersionDate "2023.01.31"]
[SourceQuality "1"]

1. e4 c5 2. Nf3 Nc6 3. Nc3 a6 4. d4 cxd4 5. Nxd4 Nf6 6. Be3 e6 7. a3 Be7 8. Bc4 0-0 9. 0-0 b5 10. Bb3 Bb7 11. f3 Na5 12. Ba2 d5 13. exd5 Nxd5 14. Nxd5 Bxd5 15. Bxd5 Qxd5 16. b3 Bc5 17. b4 Nc4 18. Bf2 Bb6 19. Nb3 Bxf2+ 20. Kxf2 Qh5 21. Qd3 Rad8 22. Qe4 Rd5 23. Rfd1 Re5 24. Qb7 Qxh2 25. Rd7 Ne3 26. f4 Qxf4+ 27. Qf3 Ng4+ 0-1

[Event "SVK-chT2A 2223"]
[Site "Slovakia"]
[Date "2022.11.13"]
[Round "4.7"]
[White "Cambel, Vladimir"]
[Black "Jarabek, Milan"]
[Result "1/2-1/2"]
[WhiteElo "2000"]
[BlackElo "1760"]
[PlyCount "119"]
[EventDate "2022.10.08"]
[EventType "team-tourn"]
[EventRounds "11"]
[EventCountry "SVK"]
[SourceTitle "EXT 2024"]
[Source "ChessBase"]
[SourceDate "2023.10.10"]
[SourceVersion "1"]
[SourceVersionDate "2023.10.10"]
[SourceQuality "1"]
[WhiteTeam "Bratislava Slovan IV"]
[BlackTeam "Osuske II"]
[WhiteTeamCountry "SVK"]
[BlackTeamCountry "SVK"]

1. d4 Nf6 2. Bf4 c5 3. dxc5 Qa5+ 4. Qd2 Qxc5 5. Nc3 d5 6. 0-0-0 e6 7. e4 Be7 8. Bb5+ Nc6 9. Be3 Qb4 10. a3 Qa5 11. exd5 exd5 12. Qe2 Be6 13. Nf3 0-0 14. Nd4 Nxd4 15. Rxd4 a6 16. Ra4 Qc7 17. Bd3 b5 18. Rh4 Ne4 19. Nxe4 Bxh4 20. Qh5 dxe4 21. Bxe4 g6 22. Qxh4 Rac8 23. Qf6 Qd8 24. Qe5 Qe7 25. Bh6 f6 26. Bxf8 Kxf8 27. Qf4 Kg7 28. h4 Qc7 29. Qe3 Qc5 30. Qd2 Rc7 31. h5 Rd7 32. Qe2 Qg5+ 33. Kb1 Rd2 34. Qf3 Bd5 35. hxg6 hxg6 36. Re1 Kf7 37. g3 Rd4 38. Bxd5+ Qxd5 39. Qe2 Qd7 40. Kc1 f5 41. Qe5 Rd5 42. Qh8 Qd8 43. Qh7+ Kf6 44. Qb7 Rd6 45. Qf3 Qc7 46. Qe3 Rc6 47. Qd4+ Kf7 48. c3 Rd6 49. Qh8 Qd7 50. Rh1 Qd8 51. Qe5 Qf6 52. Qc5 Qe6 53. Qc7+ Kf6 54. Qb8 Kg5 55. Qh8 Qe4 56. Qh6+ Kf6 57. Qf8+ Kg5 58. Qh6+ Kf6 59. Qf8+ Kg5 60. Qh6+ 1/2-1/2

[Event "SVK-chT3A2 2223"]
[Site "Slovakia"]
[Date "2022.10.16"]
[Round "1.4"]
[White "Jarabek, Milan"]
[Black "Karel, Branislav"]
[Result "1-0"]
[WhiteElo "1744"]
[BlackElo "1438"]
[PlyCount "85"]
[EventDate "2022.10.16"]
[EventType "team-tourn"]
[EventRounds "9"]
[EventCountry "SVK"]
[SourceTitle "EXT 2024"]
[Source "ChessBase"]
[SourceDate "2023.10.10"]
[SourceVersion "1"]
[SourceVersionDate "2023.10.10"]
[SourceQuality "1"]
[WhiteTeam "Senica CVC"]
[BlackTeam "Surovce"]
[WhiteTeamCountry "SVK"]
[BlackTeamCountry "SVK"]

1. e4 c6 2. d4 d5 3. Nc3 dxe4 4. Nxe4 Nd7 5. Nf3 Ngf6 6. Bd3 Nxe4 7. Bxe4 Nf6 8. Qd3 Nxe4 9. Qxe4 Qd5 10. Qxd5 cxd5 11. Bf4 Bf5 12. 0-0-0 e6 13. Nh4 Bg6 14. Nxg6 hxg6 15. a4 Rc8 16. Rd3 Rc6 17. Rb3 b6 18. Bb8 Rc4 19. a5 Ra4 20. Kd2 Rxd4+ 21. Rd3 Bb4+ 22. c3 Rxd3+ 23. Kxd3 Bc5 24. Bxa7 Kd7 25. Bxb6 Bxb6 26. axb6 Kc6 27. c4 dxc4+ 28. Kxc4 Rh4+ 29. Kd3 Kxb6 30. g3 Rb4 31. Rb1 Kc5 32. b3 e5 33. Kc3 Kb5 34. Rd1 Rd4 35. Rxd4 exd4+ 36. Kxd4 Kb4 37. Kd5 Kxb3 38. Kd6 Kc4 39. Ke7 f5 40. Kf7 g5 41. Kg6 f4 42. Kxg5 fxg3 43. fxg3 1-0

[Event "SVK-chT4 A21 2223"]
[Site "Slovakia"]
[Date "2022.10.09"]
[Round "1.2"]
[White "Nedorost, Lubomir"]
[Black "Jarabek, Milan"]
[Result "0-1"]
[WhiteElo "1574"]
[BlackElo "1744"]
[PlyCount "102"]
[EventDate "2022.10.09"]
[EventType "team-tourn"]
[EventRounds "11"]
[EventCountry "SVK"]
[SourceTitle "EXT 2024"]
[Source "ChessBase"]
[SourceDate "2023.10.10"]
[SourceVersion "1"]
[SourceVersionDate "2023.10.10"]
[SourceQuality "1"]
[WhiteTeam "Piestany Kupele III"]
[BlackTeam "Brezova pod Bradlom"]
[WhiteTeamCountry "SVK"]
[BlackTeamCountry "SVK"]

1. c4 Nf6 2. Nc3 d5 3. cxd5 Nxd5 4. e4 Nxc3 5. bxc3 g6 6. Bc4 Bg7 7. Nf3 0-0 8. 0-0 c5 9. d4 cxd4 10. cxd4 Nc6 11. Bb2 Bg4 12. Qb3 Bxf3 13. Qxf3 Bxd4 14. Rad1 e5 15. Qh3 Qc8 16. Qh6 Bxb2 17. Rd3 Nd4 18. Rh3 Qxh3 19. Qxh3 b5 20. Bd5 Rac8 21. Qh6 Bc1 22. Qh3 Rc7 23. Qg4 Rfc8 24. h4 a5 25. h5 Kg7 26. g3 b4 27. Kg2 a4 28. Rh1 b3 29. axb3 axb3 30. Qh4 g5 31. h6+ Kf6 32. Qg4 b2 33. Ba2 Ra8 34. Bb1 Ra1 35. Rd1 Rxb1 36. Rxd4 exd4 37. Qf5+ Ke7 38. e5 Ra1 39. Qf6+ Ke8 40. Qh8+ Kd7 41. Qxh7 b1Q 42. Qxf7+ Kc6 43. Qc4+ Kb7 44. Qd5+ Ka6 45. Qa8+ Kb6 46. Qb8+ Kc6 47. Qe8+ Kc5 48. Qf8+ Kc4 49. Qg8+ Kc3 50. h7 Qb7+ 51. f3 Rxh7 0-1

[Event "SVK-chT2A 1819"]
[Site "Slovakia"]
[Date "2018.12.16"]
[Round "6.8"]
[White "Siska, Kristof"]
[Black "Jarabek, Milan"]
[Result "1/2-1/2"]
[WhiteElo "1767"]
[BlackElo "1768"]
[PlyCount "80"]
[EventDate "2018.10.13"]
[EventType "team-tourn"]
[EventRounds "11"]
[EventCountry "SVK"]
[SourceTitle "CBM 189 Extra"]
[Source "ChessBase"]
[SourceDate "2019.06.03"]
[SourceVersion "1"]
[SourceVersionDate "2019.06.03"]
[SourceQuality "1"]
[WhiteTeam "Piestany Kupele"]
[BlackTeam "Osuske II"]
[WhiteTeamCountry "SVK"]
[BlackTeamCountry "SVK"]

1. e4 c5 2. Nf3 d6 3. d4 cxd4 4. Nxd4 Nf6 5. Nc3 a6 6. Be3 Ng4 7. Bc1 Nf6 8. f3 e6 9. Be3 Be7 10. Bc4 Qc7 11. Bb3 Nbd7 12. Qd2 Nc5 13. 0-0-0 Nxb3+ 14. axb3 b5 15. h4 b4 16. Na2 d5 17. e5 Nd7 18. Nxb4 Bb7 19. f4 a5 20. Nb5 Qb8 21. Nd3 0-0 22. Nc3 Rc8 23. Rh3 Bc6 24. Bd4 a4 25. bxa4 Bxa4 26. Qe2 Nb6 27. Bxb6 Qxb6 28. Kd2 d4 29. Nxa4 Rxa4 30. Ke1 Rac4 31. Rd2 Qd8 32. g3 Qc7 33. Rh2 Qc6 34. h5 Bd8 35. b3 Rc3 36. Kf1 Bb6 37. Qg2 Qb5 38. Qe4 Qa6 39. Qe1 Ba5 40. Qe4 Bb6 1/2-1/2

[Event "SVK-chT3A2 1819"]
[Site "Slovakia"]
[Date "2018.11.25"]
[Round "4.6"]
[White "Slaby, Jozef"]
[Black "Jarabek, Milan"]
[Result "0-1"]
[WhiteElo "1733"]
[BlackElo "1750"]
[PlyCount "164"]
[EventDate "2018.10.07"]
[EventType "team-tourn"]
[EventRounds "11"]
[EventCountry "SVK"]
[SourceTitle "EXT 2020"]
[Source "ChessBase"]
[SourceDate "2019.10.17"]
[SourceVersion "1"]
[SourceVersionDate "2019.10.17"]
[SourceQuality "1"]
[WhiteTeam "Modranka Komplet"]
[BlackTeam "Senica CVC"]
[WhiteTeamCountry "SVK"]
[BlackTeamCountry "SVK"]

1. Nf3 Nf6 2. c4 g6 3. Nc3 Bg7 4. g3 d5 5. cxd5 Nxd5 6. Bg2 0-0 7. 0-0 c5 8. a3 Nc6 9. Ng5 e6 10. Nf3 Nd4 11. e4 Nxc3 12. bxc3 Nxf3+ 13. Bxf3 e5 14. Bg2 c4 15. a4 Bh6 16. Qe2 Be6 17. Rd1 Qc7 18. Ba3 Rfd8 19. a5 Rd3 20. Bf1 Rad8 21. Bc1 Qd7 22. Ra2 Bg4 23. Qxd3 cxd3 24. Re1 Bh3 25. Ra3 Bxf1 26. Rxf1 Qc6 27. Re1 Bf8 28. Ra1 Bd6 29. Kg2 Bc7 30. Ba3 Bd6 31. Bb2 b6 32. axb6 Qxb6 33. Rab1 Rb8 34. Ba3 Qxb1 35. Rxb1 Rxb1 36. Bxd6 f6 37. Kf3 a5 38. Ke3 Kf7 39. Kxd3 Ke6 40. Bf8 a4 41. Kc2 Rb8 42. Bb4 f5 43. f3 Ra8 44. Kb2 Kd7 45. d3 h5 46. Ka3 Kc6 47. Be7 Ra7 48. Bf6 fxe4 49. fxe4 Rf7 50. Bxe5 Rf3 51. Kxa4 Rxd3 52. Bd4 Rd2 53. h4 Rd3 54. Be5 Re3 55. Kb3 Rxe4 56. Bf4 Kc5 57. Bg5 Re2 58. Bf4 Re7 59. Bg5 Rb7+ 60. Kc2 Kc4 61. Kd2 Rf7 62. Bf4 Rf5 63. Ke3 Kxc3 64. Ke4 Kc2 65. Kf3 Kd3 66. g4 Ra5 67. gxh5 Rxh5 68. Bg5 Rxg5 69. hxg5 Kd4 70. Kf4 Kd5 71. Kf3 Ke5 72. Kg4 Ke4 73. Kg3 Kf5 74. Kh4 Kf4 75. Kh3 Kxg5 76. Kg3 Kf5 77. Kf3 g5 78. Kg3 g4 79. Kf2 Kf4 80. Kg2 g3 81. Kf1 Kf3 82. Kg1 g2 0-1

[Event "SVK-chT3A2 1819"]
[Site "Slovakia"]
[Date "2018.11.04"]
[Round "3.2"]
[White "Jarabek, Milan"]
[Black "Takacs, Zsolt"]
[Result "0-1"]
[WhiteElo "1750"]
[BlackElo "1760"]
[PlyCount "98"]
[EventDate "2018.10.07"]
[EventType "team-tourn"]
[EventRounds "11"]
[EventCountry "SVK"]
[SourceTitle "EXT 2020"]
[Source "ChessBase"]
[SourceDate "2019.10.17"]
[SourceVersion "1"]
[SourceVersionDate "2019.10.17"]
[SourceQuality "1"]
[WhiteTeam "Senica CVC"]
[BlackTeam "Gbely Nafta II"]
[WhiteTeamCountry "SVK"]
[BlackTeamCountry "SVK"]

1. d4 d5 2. c4 dxc4 3. Nc3 Nf6 4. Bf4 e6 5. e3 Be7 6. Bxc4 0-0 7. Nf3 b6 8. 0-0 Bb7 9. Nb5 Na6 10. Rc1 c6 11. Nc3 c5 12. Qa4 cxd4 13. Bxa6 Bxf3 14. gxf3 dxc3 15. Rxc3 Nd5 16. Rd3 Qe8 17. Bb5 Qc8 18. Bg3 a6 19. Bc6 b5 20. Qc2 Nb4 21. Qd2 Qxc6 22. Rc1 Qe8 23. Rd7 Nd5 24. Rb7 Rc8 25. e4 Rxc1+ 26. Qxc1 Nf6 27. Qc7 Bd8 28. Qb8 Qc6 29. Qa7 Nh5 30. Be5 Qc1+ 31. Kg2 Qg5+ 32. Bg3 Nxg3 33. hxg3 a5 34. f4 Qg6 35. f3 b4 36. Rb8 Qf6 37. e5 Qe7 38. Rb7 Qe8 39. Rd7 h5 40. Qb7 g5 41. b3 gxf4 42. gxf4 Bh4 43. Kh3 Be1 44. Rd1 Bf2 45. Kg2 Bc5 46. Rh1 f5 47. Rh3 h4 48. Rxh4 Qg6+ 49. Kh3 Bf2 0-1

[Event "SVK-chT2A 1718"]
[Site "Slovakia"]
[Date "2018.02.25"]
[Round "9.8"]
[White "Halasz, Adam"]
[Black "Jarabek, Milan"]
[Result "0-1"]
[WhiteElo "1735"]
[BlackElo "1724"]
[PlyCount "90"]
[EventDate "2017.10.28"]
[EventType "team-tourn"]
[EventRounds "11"]
[EventCountry "SVK"]
[SourceTitle "EXT 2020"]
[Source "ChessBase"]
[SourceDate "2019.10.17"]
[SourceVersion "1"]
[SourceVersionDate "2019.10.17"]
[SourceQuality "1"]
[WhiteTeam "Senec"]
[BlackTeam "Osuske II"]
[WhiteTeamCountry "SVK"]
[BlackTeamCountry "SVK"]

1. e4 c5 2. Nf3 d6 3. d4 cxd4 4. Nxd4 Nf6 5. Nc3 a6 6. Be2 e6 7. Bg5 Be7 8. Qd2 b5 9. a3 Bb7 10. Bf3 Qc7 11. 0-0 0-0 12. Rfd1 Rd8 13. Qd3 Nbd7 14. Bh4 Ne5 15. b3 Nfg4 16. Bxg4 Nxg4 17. Qg3 Bxh4 18. Qxh4 Nf6 19. Rd3 d5 20. exd5 Nxd5 21. Nde2 Nxc3 22. Rxd8+ Qxd8 23. Qxd8+ Rxd8 24. Nxc3 Kf8 25. Rd1 Rxd1+ 26. Nxd1 Ke7 27. g3 Bf3 28. Ne3 Kd6 29. Kf1 f5 30. Ke1 g5 31. c3 f4 32. Nc2 Bd5 33. b4 e5 34. Kd2 Bc4 35. Ne1 Kd5 36. Nf3 h6 37. h4 Ke4 38. Nh2 gxh4 39. gxh4 h5 40. f3+ Kd5 41. Ke1 Bd3 42. Nf1 Bxf1 43. Kxf1 Kc4 44. Ke2 Kxc3 45. Kd1 Kd3 0-1

[Event "SVK-chT2A 1718"]
[Site "Slovakia"]
[Date "2018.02.24"]
[Round "8.6"]
[White "Jarabek, Milan"]
[Black "Keresztes, Mark"]
[Result "1/2-1/2"]
[WhiteElo "1724"]
[BlackElo "1993"]
[PlyCount "51"]
[EventDate "2017.10.28"]
[EventType "team-tourn"]
[EventRounds "11"]
[EventCountry "SVK"]
[SourceTitle "EXT 2020"]
[Source "ChessBase"]
[SourceDate "2019.10.17"]
[SourceVersion "1"]
[SourceVersionDate "2019.10.17"]
[SourceQuality "1"]
[WhiteTeam "Osuske II"]
[BlackTeam "Potonska Veza"]
[WhiteTeamCountry "SVK"]
[BlackTeamCountry "SVK"]

1. e4 Nc6 2. d4 e5 3. Nf3 exd4 4. Bc4 Be7 5. 0-0 d6 6. Nxd4 Nxd4 7. Qxd4 Nf6 8. Nc3 0-0 9. Bd2 c6 10. Bb3 Be6 11. Rad1 b5 12. Bxe6 fxe6 13. e5 Nd5 14. Qg4 Rf5 15. Nxd5 cxd5 16. exd6 Qxd6 17. Bc3 Bf6 18. Bxf6 Rxf6 19. Rfe1 Raf8 20. Re2 e5 21. Qg3 Rf5 22. Qb3 e4 23. Red2 Qc5 24. Qe3 Qxe3 25. fxe3 Rd8 26. Rd4 1/2-1/2

[Event "SVK-chT4 A21 1718"]
[Site "Slovakia"]
[Date "2018.01.28"]
[Round "8.4"]
[White "Piestansky, Jan"]
[Black "Jarabek, Milan"]
[Result "1/2-1/2"]
[WhiteElo "1646"]
[BlackElo "1713"]
[PlyCount "162"]
[EventDate "2017.10.01"]
[EventType "team-tourn"]
[EventRounds "11"]
[EventCountry "SVK"]
[SourceTitle "EXT 2019"]
[Source "ChessBase"]
[SourceDate "2018.10.10"]
[SourceVersion "1"]
[SourceVersionDate "2018.10.10"]
[SourceQuality "1"]
[WhiteTeam "Chtelnica Kamenar"]
[BlackTeam "Senica CVC II"]
[WhiteTeamCountry "SVK"]
[BlackTeamCountry "SVK"]

1. e4 c5 2. Bc4 e6 3. c3 Nc6 4. Bb3 d5 5. exd5 exd5 6. d3 Nf6 7. h3 Be7 8. Nf3 0-0 9. Bf4 Bd6 10. Be3 d4 11. cxd4 cxd4 12. Bxd4 Nxd4 13. Nxd4 Re8+ 14. Kf1 Qb6 15. Nf3 Bf5 16. Nc3 Rad8 17. g3 Bxg3 18. fxg3 Rxd3 19. Kg2 Rxd1 20. Raxd1 h6 21. Rd2 Ne4 22. Re2 Qd6 23. Nxe4 Rxe4 24. Rhe1 Rxe2+ 25. Rxe2 Be6 26. Rd2 Qb6 27. Bxe6 Qxe6 28. b3 Qe3 29. Rf2 f6 30. Kg1 g5 31. Kg2 Kf7 32. Nh2 h5 33. Nf1 Qe4+ 34. Kg1 Kg6 35. Nd2 Qe5 36. Nf1 f5 37. Kg2 Qe4+ 38. Kh2 h4 39. gxh4 Qxh4 40. Kg2 Qe4+ 41. Kh2 f4 42. Kg1 Kh5 43. Nd2 Qe1+ 44. Kg2 g4 45. hxg4+ Kxg4 46. Nf3 Qe4 47. Rf1 Qd5 48. Rf2 Qh5 49. Ng1 f3+ 50. Rxf3 Qd5 51. Kf2 Qd2+ 52. Ne2 Qxa2 53. Rf4+ Kg5 54. Rf3 Qc2 55. Rc3 Qf5+ 56. Rf3 Qc5+ 57. Kg2 b5 58. Kg3 a5 59. Kg2 Qc6 60. Kg3 a4 61. bxa4 bxa4 62. Rf5+ Kxf5 63. Nd4+ Ke4 64. Nxc6 Kd5 65. Nb4+ Kc4 66. Na2 Kb3 67. Nc1+ Kb2 68. Nd3+ Kc3 69. Nc1 a3 70. Kf3 Kc2 71. Na2 Kb2 72. Nb4 Kb3 73. Nd3 Kc3 74. Nc1 Kc2 75. Na2 Kb2 76. Nb4 Kb3 77. Nd3 Kc4 78. Nc1 Kc3 79. Na2+ Kb2 80. Nb4 a2 81. Nxa2 Kxa2 1/2-1/2

[Event "SVK-chT3A2 1718"]
[Site "Slovakia"]
[Date "2018.01.21"]
[Round "8.1"]
[White "Jarabek, Milan"]
[Black "Kucharek, Jaroslav"]
[Result "0-1"]
[WhiteElo "1738"]
[BlackElo "2067"]
[PlyCount "56"]
[EventDate "2017.10.08"]
[EventType "team-tourn"]
[EventRounds "11"]
[EventCountry "SVK"]
[SourceTitle "EXT 2020"]
[Source "ChessBase"]
[SourceDate "2019.10.17"]
[SourceVersion "1"]
[SourceVersionDate "2019.10.17"]
[SourceQuality "1"]
[WhiteTeam "Senica CVC"]
[BlackTeam "Skalica"]
[WhiteTeamCountry "SVK"]
[BlackTeamCountry "SVK"]

1. Nf3 d5 2. g3 Nf6 3. Bg2 e6 4. c4 c6 5. cxd5 exd5 6. 0-0 Bd6 7. b3 0-0 8. Bb2 Re8 9. Re1 Bg4 10. d3 Nbd7 11. Nbd2 a5 12. Nf1 a4 13. Ne3 Bh5 14. Qc2 axb3 15. axb3 Qb6 16. Bd4 Bc5 17. Bxc5 Nxc5 18. b4 Rxa1 19. Rxa1 Qxb4 20. Rb1 Qa5 21. d4 Bg6 22. Nf5 Nce4 23. N3h4 Nc3 24. Nxg6 hxg6 25. Nd6 Nxb1 26. Qxb1 Rb8 27. e4 dxe4 28. Qb3 Qd5 0-1